| 000 | 01131cam a22003014a 4500 | ||
|---|---|---|---|
| 999 |
_c233218 _d233218 |
||
| 001 | 14210309 | ||
| 003 | Nust | ||
| 005 | 20170305114858.0 | ||
| 008 | 051223s2005 enk 000 0 eng | ||
| 010 | _a 2006365133 | ||
| 020 | _a9780571231720 (pbk.) | ||
| 035 | _a(CaONFJC)ct4888711 | ||
| 040 |
_aDLC _cDLC _dDLC |
||
| 042 | _apcc | ||
| 050 | 0 | 0 |
_aPR6061.U68 _bW67 2005 |
| 082 | 0 | 0 |
_a822.914 _bKUR |
| 100 | 1 | _aKureishi, Hanif. | |
| 245 | 1 | 4 |
_aThe word and the bomb / _cHanif Kureishi. |
| 260 |
_aLondon : _bFaber and Faber, _c2005. |
||
| 300 |
_a100 p. ; _c20 cm. |
||
| 600 | 1 | 0 |
_aKureishi, Hanif _xCriticism and interpretation. |
| 650 | 0 |
_aIslam and world politics _xHistory _y21st century. |
|
| 650 | 0 |
_aIslam _xRelations _xChristianity. |
|
| 650 | 0 | _aEast and West. | |
| 856 | 4 | 1 |
_3Table of contents only _uhttp://www.loc.gov/catdir/toc/fy0609/2006365133.html |
| 906 |
_a7 _bcbc _corigres _d3 _encip _f20 _gy-gencatlg |
||
| 942 |
_2ddc _cBK |
||